000 00671cam a2200145 4500500
005 20260208010607.0
041 _afre
042 _adc
100 1 0 _aGabaude, Jean-Marc
_eauthor
245 0 0 _aPhilippe Choulet, Philippe Rivière, La Bonne École, t. II : Institution scolaire et contenus de savoir dans la civilisation industrielle, Seyssel, Champ Vallon, 2004, coll. « Milieux », 288 p., 22 E.
260 _c2006.
500 _a32
786 0 _nRevue philosophique de la France et de l'étranger | 131 | 1 | 2006-03-01 | p. 77zzc-138zzc | 0035-3833
856 4 1 _uhttps://shs.cairn.info/revue-philosophique-2006-1-page-77zzc?lang=fr&redirect-ssocas=7080
999 _c1657279
_d1657279